00299nam a2200121Ia 4500008004100000041001200041082001600053100001800069245004100087260002500128300000800153650001600161221030s9999 xx 000 0 und d aEnglish a105.23bChi aJ. S. Chitode 0aData communicationcby J. S. Chitode bTechnical Pub.c2002 a455 aBE Computer